000
00399nam a2200133Ia 4500
008
151001s9999||||xx |||||||||||||| ||und||
100
_a
विष्णू नारायण भातखंडे
245
_a
उत्तर भारतीय संगीत
250
_a
2
260
_b
संगीत कार्यालय
260
_c
1974
300
_a
60
365
_b
21
999
_c
976595
_d
976592